00470nam a2200181Ia 4500003000400000005001700004008004000021020001500061040000700076041000800083082001700091100002200108245005700130250000600187260006400193300001400257700001700271OSt20250814115405.0210210b2004 xxu||||| |||| 00| 0 eng d a8173715041 cAL aeng a581.634 FARC aAzhar Ali Farooqi aCultivation of medicinal and aromatic crops Rev Ed 2 a2 aHyderabadbUniversities Press (India) Private Limitedc2004 aviii,647p aSreeramu B S